LEADER 01567nam0-22004211i-450 001 990001642760403321 005 20201008122350.0 035 $a000164276 035 $aFED01000164276 035 $a(Aleph)000164276FED01 035 $a000164276 100 $a20030910d1981----km-y0itay50------ba 101 0 $aita 102 $aIT 105 $aa 001yy 200 1 $aChironomidi 210 $aRoma$cCNR$d1981 215 $a96 p.$cill.$d21 cm 225 1 $aGuide per il riconoscimento delle specie animali delle acque interne italiane$v12, 16, 26, 29 225 1 $aProgetto finalizzato Promozione della qualità dell'ambiente$vAQ/1/129, AQ/1/171, AQ/1/204, AQ/1/233 327 0 $a1.: Diptera, Chironomidae generalità: Diamenivae, Prodiamesinae / di Umberto Ferrarese e Bruno Rossaro$a2.: Diptera Chironomidae: Orthocladiinae / di Bruno Rossaro$a3.: Diptera: Chironomidae: Tanypodinae / di Uberto Ferrarese 4.: Diptera: Chironomidae: Chironominae, larve / di Annamaria Nocentini 610 0 $aDiptera 610 0 $aChironomidae 676 $a595.77 676 $a593$v23$zita 700 1$aFerrarese,$bUberto$078516 701 1$aRossaro,$bBruno$070210 701 1$aNocentini,$bAnnamaria$078050 801 0$aIT$bUNINA$gRICA$2UNIMARC 901 $aBK 912 $a990001642760403321 952 $a60 593 CNR-12 1981$b48696$fFAGBC 952 $a60 593 CNR-16 1982$b48700$fFAGBC 952 $a60 593 CNR-26 1983$b5087$fFAGBC 952 $a60 593 CNR-29 1985$b5090$fFAGBC 959 $aFAGBC 996 $aChironomidi$91758395 997 $aUNINA LEADER 01619nam a2200301 i 4500 001 991003292149707536 008 031022s2002 it a 000 0 ita 035 $ab12406107-39ule_inst 040 $aBiblioteca Interfacoltà$bita 082 04$a070.50945719 245 00$aTipografia, piccola editoria e cultura in Molise dall'Unità alla seconda guerra mondiale :$batti delle Giornate di studio, Campobasso, 14-15 dicembre 2000 /$cpresentazione di Ilaria Zilli ; a cura di Giorgio Palmieri e Tania Scimone 260 $a[S.l. :$bs.n.],$cstampa 2002 $e(Ripalimosani :$fArti grafiche La regione) 300 $a415 p., [8] c. di tav. :$bill. ;$c22 cm 500 $aIn testa al front.: Università degli studi del Molise, Biblioteca centrale 500 $aSuppl. a: Bollettino Biblioteca, Università degli studi del Molise, anno 9., n. 1, giugno 2002 650 4$aTipografia$zMolise$ySec. 19.-20.$vCongressi$y2000 650 4$aEditoria$zMolise$ySec. 19.-20.$vCongressi$y2000 700 1 $aZilli, Ilaria$eauthor$4http://id.loc.gov/vocabulary/relators/aut$0136239 700 1 $aPalmieri, Giorgio 700 1 $aScimone, Tania 710 2 $aUniversità degli Studi del Molise :$bBiblioteca Centrale 907 $a.b12406107$b02-04-14$c22-10-03 912 $a991003292149707536 945 $aLE002 070.5 TIP 945 $aLE002 Bibl. I B 28$g1$i2002000100245$lle002$o-$pE0.00$q-$rl$s- $t0$u0$v0$w0$x0$y.i1281863x$z22-10-03 996 $aTipografia, piccola editoria e cultura in Molise dall'Unità alla seconda guerra mondiale$91459158 997 $aUNISALENTO 998 $ale002$b22-10-03$cm$da $e-$fita$git $h0$i0